| 000 | 00513nam a2200217Ia 4500 | ||
|---|---|---|---|
| 008 | 210210b1966 xxu||||| |||| 00| 0 eng d | ||
| 041 | _aeng | ||
| 082 | _a825/824 | ||
| 100 | _aNANDAKUMAR | ||
| 245 | _aIntroduction to the study of English literature | ||
| 260 |
_aBombay _bAsia Publishing House _c1966 |
||
| 650 | _ato | ||
| 650 | _athe | ||
| 650 | _astudy | ||
| 650 | _aof | ||
| 650 | _aliterature | ||
| 650 | _aIntroduction | ||
| 650 | _aEnglish | ||
| 690 | _aEnglish Criticism | ||
| 906 | _a015139 | ||
| 999 |
_c134457 _d134457 |
||